Korea's heritage : (Record no. 29442)
[ view plain ]
| 000 -LEADER | |
|---|---|
| fixed length control field | 00703nam a2200241 4500 |
| 001 - CONTROL NUMBER | |
| control field | 29442 |
| 003 - CONTROL NUMBER IDENTIFIER | |
| rucl marc code | BD-RjUL |
| 005 - DATE AND TIME OF LATEST TRANSACTION | |
| control field | 20211209051420.0 |
| 008 - FIXED-LENGTH DATA ELEMENTS--GENERAL INFORMATION | |
| fixed length control field | 140403s1956 ja a 00100 eng u |
| 035 ## - SYSTEM CONTROL NUMBER | |
| System control number | (BD-RjUL)29527 |
| 040 ## - CATALOGING SOURCE | |
| Transcribing agency | WSU |
| Modifying agency | BD-RjUL |
| Original cataloging agency | BD-RjUL |
| Language of cataloging | eng |
| 041 ## - LANGUAGE CODE | |
| Language code of text/sound track or separate title | eng |
| 082 04 - DEWEY DECIMAL CLASSIFICATION NUMBER | |
| Classification number | 915.19 |
| Author mark and year | MCK 1956 |
| 100 1# - MAIN ENTRY--PERSONAL NAME | |
| Personal name | McCune, Shannon |
| Dates associated with a name | 1913-1993. |
| 9 (RLIN) | 89770 |
| 245 10 - TITLE STATEMENT | |
| Title | Korea's heritage : |
| Remainder of title | a regional & social geography / |
| 250 ## - EDITION STATEMENT | |
| Edition statement | [1st ed.] |
| 260 ## - PUBLICATION, DISTRIBUTION, ETC. (IMPRINT) | |
| Place of publication, distribution, etc. | Tokyo ; Japan : |
| Name of publisher, distributor, etc. | Rutland, Vt.; C. E. Tuttle Co., |
| Date of publication, distribution, etc. | 1956. |
| 300 ## - PHYSICAL DESCRIPTION | |
| Pagination | xiii, 250 p. : |
| Size | 22 cm. |
| Illustrations | illus. ; |
| 504 ## - BIBLIOGRAPHY, ETC. NOTE | |
| Bibliography, etc | Includes index. |
| 651 #0 - SUBJECT ADDED ENTRY--GEOGRAPHIC NAME | |
| Geographic name | Korea |
| General subdivision | Description and travel. |
| 9 (RLIN) | 89771 |
| 942 ## - ADDED ENTRY ELEMENTS (KOHA) | |
| Source of classification or shelving scheme | Dewey Decimal Classification |
| Koha item type | Books |
| Lost status | Source of classification or shelving scheme | Damaged status | Not for loan | Collection code | Permanent Location | Current Location | Shelving location | Date acquired | Source of acquisition | Cost, normal purchase price | Total Checkouts | Full call number | Date last seen | Copy number | Koha item type |
|---|---|---|---|---|---|---|---|---|---|---|---|---|---|---|---|
| Dewey Decimal Classification | Added to bundle | Non-fiction | Central Library, University of Rajshahi | Central Library, University of Rajshahi | Reading Room | 14/01/1958 | B. H. Bluckwell | 2.00 | 915.19 MCK 1956 | 03/04/2014 | C-1 | Books |